[Event "BIH-ch-T"]
[Site "Sarajevo"]
[Date "2013.06.15"]
[Round "1.1"]
[White "Miljkovic, Miroslav D"]
[Black "Kovacevic, Aleksandar"]
[Result "1/2-1/2"]
[WhiteElo "2462"]
[BlackElo "2557"]
[PlyCount "23"]
[EventDate "2013.06.15"]

1. d4 Nf6 2. c4 e6 3. Nc3 Bb4 4. e3 b6 5. Nf3 Bb7 6. Bd3 O-O 7. O-O c5 8. a3
cxd4 9. exd4 Bxc3 10. bxc3 d6 11. a4 Qc7 12. Qe2 1/2-1/2

[Event "BIH-ch-T"]
[Site "Sarajevo"]
[Date "2013.06.15"]
[Round "1.2"]
[White "Jankovic, Alojzije"]
[Black "Kamberovic, Senad"]
[Result "1-0"]
[WhiteElo "2559"]
[BlackElo "2255"]
[PlyCount "81"]
[EventDate "2013.06.15"]

1. d4 Nc6 2. d5 Ne5 3. e4 d6 4. f4 Nd7 5. Nc3 c6 6. Be3 Ngf6 7. Nf3 cxd5 8.
exd5 g6 9. Be2 Bg7 10. Nd2 O-O 11. O-O Nb6 12. Bf3 e6 13. dxe6 fxe6 14. Kh1 d5
15. Bc5 Rf7 16. Bd4 Bd7 17. a4 Ne8 18. Bxg7 Nxg7 19. a5 Nc8 20. Bg4 Nd6 21. Nf3
Rxf4 22. Nxd5 Rxg4 23. Ne3 Bb5 24. Nxg4 Bxf1 25. Qxf1 Nf7 26. Qb5 Qe7 27. Re1
Rc8 28. c3 Rc5 29. Qb4 Nh5 30. Qa4 Rf5 31. a6 Rf4 32. axb7 Qxb7 33. Qe8+ Kg7
34. Qxe6 Rxf3 35. gxf3 Qxf3+ 36. Kg1 Qb7 37. Rf1 Qc7 38. b4 g5 39. Rf5 Nf4 40.
Qf6+ Kf8 41. Ne5 1-0

[Event "BIH-ch-T"]
[Site "Sarajevo"]
[Date "2013.06.15"]
[Round "1.2"]
[White "Konjicanin, Muris"]
[Black "Kosic, Dragan"]
[Result "1/2-1/2"]
[WhiteElo "2286"]
[BlackElo "2501"]
[PlyCount "40"]
[EventDate "2013.06.15"]

1. d4 Nf6 2. Nf3 e6 3. c4 Bb4+ 4. Bd2 a5 5. g3 c5 6. Bg2 Nc6 7. Bxb4 axb4 8.
O-O cxd4 9. Nxd4 O-O 10. a4 bxa3 11. Rxa3 Rxa3 12. Nxa3 Qb6 13. Nab5 d5 14.
cxd5 Nxd5 15. Bxd5 exd5 16. Qd2 h6 17. Rd1 Bg4 18. Nc3 Rd8 19. Kg2 Be6 20. Ncb5
Ra8 1/2-1/2

[Event "BIH-ch-T"]
[Site "Sarajevo"]
[Date "2013.06.15"]
[Round "1.2"]
[White "Bejtovic, Jasmin"]
[Black "Hodzic, Nihad"]
[Result "1/2-1/2"]
[WhiteElo "2397"]
[BlackElo "2286"]
[PlyCount "119"]
[EventDate "2013.06.15"]

1. e4 c5 2. Nf3 d6 3. d4 cxd4 4. Nxd4 Nf6 5. Nc3 a6 6. Bc4 e6 7. Bb3 b5 8. O-O
b4 9. Na4 Bd7 10. c3 bxc3 11. Nxc3 Nc6 12. Nxc6 Bxc6 13. f4 Qb6+ 14. Kh1 Be7
15. f5 O-O 16. fxe6 fxe6 17. Bxe6+ Kh8 18. Re1 Qb7 19. Nd5 Nxe4 20. Rxe4 Bxd5
21. Bxd5 Qxd5 22. Re1 Qb7 23. Re2 Bf6 24. Be3 d5 25. Bd4 Bxd4 26. Qxd4 Rae8 27.
Rxe8 Rxe8 28. Rf1 h6 29. h3 Kg8 30. Qd2 Qb5 31. Rf5 Re2 32. Qxd5+ Qxd5 33. Rxd5
Rxb2 34. a4 Rb4 35. a5 Ra4 36. Rf5 Kh7 37. Rc5 Kg8 38. Kg1 Ra2 39. h4 Kh7 40.
h5 Kg8 41. Rf5 Kh7 42. Rc5 Kg8 43. Rf5 Kh7 44. Kh2 Ra3 45. g3 Ra2+ 46. Kh3 Ra4
47. Rc5 Kg8 48. g4 Ra3+ 49. Kh4 Kh7 50. g5 Ra4+ 51. Kg3 hxg5 52. Rxg5 Kh6 53.
Rc5 g5 54. hxg6 Kxg6 55. Rc6+ Kf5 56. Rxa6 Ra3+ 57. Kf2 Ke5 58. Ke2 Kd5 59. Rh6
Kc5 60. Kd1 1/2-1/2

[Event "BIH-ch-T"]
[Site "Sarajevo"]
[Date "2013.06.15"]
[Round "1.2"]
[White "Zlobec, Srdjan"]
[Black "Rasidovic, Sead"]
[Result "0-1"]
[WhiteElo "2045"]
[BlackElo "2381"]
[PlyCount "128"]
[EventDate "2013.06.15"]

1. d4 Nf6 2. Nf3 e6 3. Bf4 c5 4. e3 a6 5. c3 Nc6 6. Nbd2 d5 7. Be2 Be7 8. h3
O-O 9. O-O b6 10. a4 Bb7 11. Ne5 Nxe5 12. Bxe5 Nd7 13. Bg3 Re8 14. Bd3 Bf8 15.
Nf3 g6 16. Ne5 Nxe5 17. Bxe5 f6 18. Bg3 Bd6 19. Qg4 Kg7 20. f4 f5 21. Qf3 Qc7
22. Bh4 c4 23. Bc2 b5 24. g4 b4 25. a5 b3 26. Bd1 Bc6 27. Qg3 Rab8 28. Kh1 Rb5
29. Rg1 Be7 30. Bxe7 Rxe7 31. h4 Rxa5 32. Rxa5 Qxa5 33. h5 Be8 34. Qh4 Rd7 35.
Rg2 Qa1 36. Qe1 a5 37. e4 dxe4 38. Qe2 Qc1 39. Rg1 Qxf4 40. Qxc4 Qe3 41. Kh2
Qf2+ 42. Rg2 Qh4+ 43. Kg1 Qe1+ 44. Kh2 Qxd1 45. Qxe6 Kf8 46. Qf6+ Bf7 47. Qh8+
Bg8 48. Qf6+ Ke8 49. hxg6 hxg6 50. Qxg6+ Bf7 51. Qxf5 Qf3 52. Qe5+ Kf8 53. Qh8+
Ke7 54. Qh4+ Qf6 55. g5 Qd6+ 56. Kg1 Qg6 57. Rf2 Rd5 58. Rg2 Kd7 59. Qf4 Rf5
60. Qg3 Bc4 61. Qg4 Kd8 62. Rg3 e3 63. Qh4 e2 64. Re3 Qxg5+ 0-1

[Event "BIH-ch-T"]
[Site "Sarajevo"]
[Date "2013.06.15"]
[Round "1.2"]
[White "Galic, Zeljko"]
[Black "Mehmedovic, Mirza"]
[Result "1/2-1/2"]
[WhiteElo "2300"]
[BlackElo "2225"]
[PlyCount "70"]
[EventDate "2013.06.15"]

1. Nf3 g6 2. c4 Bg7 3. Nc3 d6 4. g3 Nf6 5. Bg2 O-O 6. O-O e5 7. d4 Nc6 8. d5
Ne7 9. c5 a6 10. cxd6 cxd6 11. a4 b6 12. Nd2 Bb7 13. Qb3 Rb8 14. e4 b5 15. axb5
axb5 16. Qb4 Ne8 17. Nb3 f5 18. exf5 gxf5 19. Be3 f4 20. Ba7 f3 21. Bh3 Bc8 22.
Be6+ Bxe6 23. dxe6 Rb7 24. Qg4 Qc7 25. Be3 Qc4 26. Qxc4 bxc4 27. Na5 Rxb2 28.
Nxc4 Rc2 29. Rac1 Rxc1 30. Rxc1 Rf6 31. Nd2 Rxe6 32. Nxf3 d5 33. Bc5 d4 34. Ne4
Rc6 35. Ra1 Nc8 1/2-1/2

[Event "BIH-ch-T"]
[Site "Sarajevo"]
[Date "2013.06.15"]
[Round "1.2"]
[White "Colpa, Husein"]
[Black "Bosnjak, Damir"]
[Result "1/2-1/2"]
[WhiteElo "1952"]
[BlackElo "2274"]
[PlyCount "83"]
[EventDate "2013.06.15"]

1. d4 d5 2. c4 e6 3. e3 Nf6 4. Nc3 c5 5. Nf3 Nc6 6. Be2 dxc4 7. Bxc4 Be7 8. O-O
O-O 9. a3 cxd4 10. exd4 a6 11. Re1 b5 12. Bd3 Bb7 13. b4 Rc8 14. Bb2 Qb6 15.
Ne4 Nxe4 16. Bxe4 Bf6 17. Qd3 h6 18. Rad1 Rfd8 19. Qb1 Ne7 20. Ne5 Bxe5 21.
dxe5 Bxe4 22. Qxe4 Rxd1 23. Rxd1 Nd5 24. g3 Rc4 25. Qd3 Qc6 26. Bd4 Rc1 27.
Rxc1 Qxc1+ 28. Kg2 g6 29. h4 h5 30. Kf3 Kf8 31. Be3 Nxe3 32. Qd8+ Kg7 33. Qf6+
Kg8 34. fxe3 Qf1+ 35. Ke4 Qc4+ 36. Kf3 Qf1+ 37. Ke4 Qg2+ 38. Kd3 Qxg3 39. Qd8+
Kg7 40. Qf6+ Kg8 41. Qd8+ Kh7 42. Qf6 1/2-1/2

[Event "BIH-ch-T"]
[Site "Sarajevo"]
[Date "2013.06.15"]
[Round "1.3"]
[White "Palac, Mladen"]
[Black "Erdos, Viktor"]
[Result "1/2-1/2"]
[WhiteElo "2560"]
[BlackElo "2645"]
[PlyCount "26"]
[EventDate "2013.06.15"]

1. e4 e5 2. Nf3 Nc6 3. Bb5 Nf6 4. d3 Bc5 5. c3 O-O 6. O-O d6 7. Nbd2 Ne7 8. d4
exd4 9. cxd4 Bb6 10. Re1 a6 11. Bf1 Bg4 12. Qb3 d5 13. exd5 Nfxd5 1/2-1/2

[Event "BIH-ch-T"]
[Site "Sarajevo"]
[Date "2013.06.15"]
[Round "1.3"]
[White "Perunovic, Milos"]
[Black "Brkic, Ante"]
[Result "1/2-1/2"]
[WhiteElo "2628"]
[BlackElo "2584"]
[PlyCount "26"]
[EventDate "2013.06.15"]

1. e4 e5 2. Nf3 Nc6 3. Nc3 Nf6 4. Be2 d5 5. exd5 Nxd5 6. Bb5 Nxc3 7. bxc3 Bd6
8. d4 exd4 9. O-O O-O 10. cxd4 h6 11. Rb1 Qf6 12. h3 Bf5 13. Bd3 b6 1/2-1/2

[Event "BIH-ch-T"]
[Site "Sarajevo"]
[Date "2013.06.15"]
[Round "1.3"]
[White "Dizdarevic, Emir"]
[Black "Predojevic, Borki"]
[Result "1/2-1/2"]
[WhiteElo "2515"]
[BlackElo "2616"]
[PlyCount "32"]
[EventDate "2013.06.15"]

1. Nf3 c5 2. b3 b6 3. c4 Nf6 4. g3 Bb7 5. Bg2 g6 6. Bb2 Bg7 7. O-O O-O 8. d4
cxd4 9. Qxd4 d6 10. Rd1 Nbd7 11. Ne1 Qb8 12. Nc3 Ne4 13. Qe3 Nxc3 14. Bxc3 Bxc3
15. Qxc3 Nf6 16. Qe3 Re8 1/2-1/2

[Event "BIH-ch-T"]
[Site "Sarajevo"]
[Date "2013.06.15"]
[Round "1.3"]
[White "Vukic, Milan"]
[Black "Saric, Ibro"]
[Result "1/2-1/2"]
[WhiteElo "2388"]
[BlackElo "2572"]
[PlyCount "63"]
[EventDate "2013.06.15"]

1. Nf3 Nf6 2. g3 g6 3. Bg2 Bg7 4. O-O O-O 5. d4 d5 6. Nbd2 c6 7. c4 Bf5 8. b3
a5 9. Bb2 Ne4 10. Nh4 Nxd2 11. Qxd2 Be6 12. Rfc1 Qb6 13. c5 Qc7 14. f4 Nd7 15.
a3 Nf6 16. b4 Ne4 17. Qd3 Bf6 18. Bxe4 dxe4 19. Qxe4 Bd5 20. Qe3 Bxh4 21. gxh4
f5 22. Bc3 a4 23. Rab1 Rf6 24. Be1 Re6 25. Qd2 Re4 26. Bg3 Qd7 27. e3 h6 28.
Kf2 Kh7 29. Qe2 Rf8 30. Rc3 Rf6 31. Rb2 Rfe6 32. Rd2 1/2-1/2

[Event "BIH-ch-T"]
[Site "Sarajevo"]
[Date "2013.06.15"]
[Round "1.4"]
[White "Sedlak, Nikola"]
[Black "Miladinovic, Igor"]
[Result "1/2-1/2"]
[WhiteElo "2571"]
[BlackElo "2556"]
[PlyCount "35"]
[EventDate "2013.06.15"]

1. e4 c6 2. d4 d5 3. Nc3 dxe4 4. Nxe4 Nf6 5. Nxf6+ exf6 6. c3 Bf5 7. Bc4 Bd6 8.
Ne2 O-O 9. O-O Nd7 10. Ng3 Bxg3 11. fxg3 Be4 12. g4 Nb6 13. Bb3 Qd7 14. Bf4
Rae8 15. h3 Bd5 16. Bc2 Be4 17. Bb3 Bd5 18. Bc2 1/2-1/2

[Event "BIH-ch-T"]
[Site "Sarajevo"]
[Date "2013.06.15"]
[Round "1.4"]
[White "Jakovljevic, Vlado"]
[Black "Marjanovic, Dejan"]
[Result "1-0"]
[WhiteElo "2440"]
[BlackElo "2211"]
[PlyCount "117"]
[EventDate "2013.06.15"]

1. Nf3 Nf6 2. c4 g6 3. d4 Bg7 4. g3 O-O 5. Bg2 d6 6. Nc3 Nbd7 7. O-O e5 8. e4
c6 9. h3 Qa5 10. Re1 exd4 11. Nxd4 Ne5 12. Bf1 Re8 13. Be3 c5 14. Nb3 Qb4 15.
a3 Qb6 16. Nd2 Qd8 17. f4 Nc6 18. Bf2 h5 19. Nf3 a6 20. Qc2 Be6 21. Rad1 Qc7
22. Nd5 Bxd5 23. cxd5 Ne7 24. b4 b6 25. bxc5 bxc5 26. e5 Nfxd5 27. Bc4 dxe5 28.
Bxd5 Nxd5 29. Rxd5 exf4 30. Rxe8+ Rxe8 31. Qxc5 Qxc5 32. Rxc5 fxg3 33. Bxg3 Bf8
34. Rc3 Re2 35. Rc8 Kg7 36. Be5+ f6 37. Rc7+ Kg8 38. Bxf6 Bxa3 39. Ne5 Bf8 40.
Nxg6 Re6 41. Nxf8 Rxf6 42. Nd7 Rf5 43. Ra7 a5 44. Kg2 h4 45. Nb8 Rg5+ 46. Kh2
Rc5 47. Na6 Re5 48. Nc7 Kh8 49. Ra6 Kh7 50. Ne6 a4 51. Nd4 Re4 52. Rxa4 Kg6 53.
Kg2 Rf4 54. Rc4 Kf6 55. Rc6+ Kf7 56. Nf3 Kg7 57. Rd6 Ra4 58. Kf2 Ra2+ 59. Rd2
1-0

[Event "BIH-ch-T"]
[Site "Sarajevo"]
[Date "2013.06.15"]
[Round "1.4"]
[White "Arapovic, Vitomir"]
[Black "Goric, Esad"]
[Result "1/2-1/2"]
[WhiteElo "2356"]
[BlackElo "2321"]
[PlyCount "47"]
[EventDate "2013.06.15"]

1. e4 e6 2. d4 d5 3. Nc3 Nf6 4. Bg5 dxe4 5. Nxe4 Nbd7 6. Nf3 Be7 7. Nxf6+ Bxf6
8. Bxf6 Nxf6 9. Bd3 Bd7 10. Ne5 Qe7 11. O-O O-O 12. c3 Rab8 13. Qe2 Rfd8 14.
Rad1 Be8 15. Bb1 c5 16. dxc5 Qxc5 17. Rfe1 Qc7 18. Ng4 Nxg4 19. Qxg4 g6 20. h3
Rxd1 21. Rxd1 Rd8 22. Rxd8 Qxd8 23. Qe2 Bc6 24. f3 1/2-1/2

[Event "BIH-ch-T"]
[Site "Sarajevo"]
[Date "2013.06.15"]
[Round "1.5"]
[White "Nestorovic, Nikola"]
[Black "Tomic, Bosko"]
[Result "1-0"]
[WhiteElo "2405"]
[BlackElo "2430"]
[PlyCount "135"]
[EventDate "2013.06.15"]

1. e4 c5 2. Nf3 d6 3. d4 cxd4 4. Nxd4 Nf6 5. Nc3 Nc6 6. Bg5 Qa5 7. Bxf6 gxf6 8.
Nb3 Qg5 9. Nd5 Rb8 10. f4 Qh6 11. Qd2 Bg7 12. Bb5 f5 13. exf5 a6 14. Bd3 Qh4+
15. g3 Qh5 16. O-O Bxf5 17. Bxf5 Qxf5 18. Rae1 Bd4+ 19. Ne3 Ba7 20. Kg2 Bxe3
21. Rxe3 Kf8 22. c3 h5 23. Qd3 Qxd3 24. Rxd3 Rd8 25. Rfd1 Nb8 26. Nd4 Nd7 27.
Nf5 Nc5 28. Rd4 Ke8 29. Re1 Ne6 30. Rb4 Rd7 31. Rbe4 Kd8 32. Ne3 Nc5 33. Rd4
Ne6 34. Rb4 Nc5 35. Rd4 Ne6 36. Rd5 h4 37. f5 Nc7 38. Rd4 hxg3 39. hxg3 Nb5 40.
Rg4 Na7 41. Nd5 Nc6 42. Rh1 Rf8 43. Rgh4 Ne5 44. f6 Ng6 45. Rd4 exf6 46. Nxf6
Re7 47. Rxd6+ Kc8 48. Rf1 Rd8 49. Rxd8+ Kxd8 50. Rd1+ Kc8 51. Rd2 Re5 52. c4
Re3 53. Nd5 Re4 54. b3 Re1 55. Kf2 Re5 56. Rd3 Re6 57. Rd4 Re5 58. b4 Re6 59.
a4 Re5 60. a5 Rf5+ 61. Ke3 Rg5 62. Kf3 Rf5+ 63. Kg4 Rf1 64. Kg5 Ne5 65. Re4 Ng6
66. Nf4 Rf3 67. g4 f5 68. Kxf5 1-0

[Event "BIH-ch-T"]
[Site "Sarajevo"]
[Date "2013.06.15"]
[Round "1.5"]
[White "Djukic, Boris"]
[Black "Burovic, Ismet"]
[Result "1-0"]
[WhiteElo "2280"]
[BlackElo "2351"]
[PlyCount "79"]
[EventDate "2013.06.15"]

1. d4 Nf6 2. c4 g6 3. Nc3 Bg7 4. e4 d6 5. f3 O-O 6. Be3 Nc6 7. Qd2 a6 8. Nge2
Rb8 9. Nc1 e5 10. Nb3 exd4 11. Nxd4 Ne5 12. O-O-O Re8 13. Bg5 Be6 14. Nxe6 fxe6
15. Be2 Nf7 16. Be3 c5 17. Kb1 Qa5 18. Nd5 Qa4 19. Nxf6+ Bxf6 20. Qc2 Qc6 21.
f4 Bg7 22. h4 e5 23. f5 gxf5 24. exf5 e4 25. g4 Ne5 26. g5 b5 27. f6 Bf8 28. h5
Re6 29. Rhf1 Nd3 30. Bxd3 exd3 31. Rxd3 Qe4 32. Rb3 Qxc2+ 33. Kxc2 Kf7 34. Bd2
Re2 35. Rg3 Ke6 36. Kd1 Rh2 37. g6 hxg6 38. hxg6 Bh6 39. Bxh6 Rxh6 40. f7 1-0

[Event "BIH-ch-T"]
[Site "Sarajevo"]
[Date "2013.06.15"]
[Round "1.5"]
[White "Mrndjic, Muamer"]
[Black "Bulajic, Ratko"]
[Result "1/2-1/2"]
[WhiteElo "2279"]
[BlackElo "2307"]
[PlyCount "105"]
[EventDate "2013.06.15"]

1. d4 Nf6 2. Nf3 d6 3. c4 Nbd7 4. Nc3 e5 5. e4 c6 6. Be2 Be7 7. O-O O-O 8. Re1
a5 9. Bf1 Re8 10. Bg5 g6 11. Qd2 a4 12. Rad1 Qa5 13. d5 cxd5 14. Nxd5 Nxd5 15.
Qxd5 Qxd5 16. Rxd5 Bf8 17. Bd2 Nc5 18. Bb4 b6 19. Rdd1 Bb7 20. Nd2 f5 21. f3
Be7 22. exf5 gxf5 23. Nb1 Kf7 24. Nc3 Ke6 25. Nd5 Bxd5 26. Rxd5 f4 27. Be2 h5
28. Bd1 Reb8 29. Bc2 Kf6 30. g3 fxg3 31. hxg3 Kf7 32. f4 Rg8 33. Kh2 h4 34.
fxe5 hxg3+ 35. Kg2 Rg5 36. exd6 Bf6 37. Rxg5 Bxg5 38. Bxc5 bxc5 39. Re5 Bf6 40.
Rxc5 Ke6 41. Rd5 Be5 42. d7 Bc7 43. Bf5+ Ke7 44. c5 Ra5 45. Bd3 Ra8 46. Bf5 Ra5
47. Bd3 Ra8 48. Be2 Rh8 49. Bh5 Rb8 50. Rd2 Rh8 51. Rd5 Rb8 52. Rd2 Rh8 53. Rd5
1/2-1/2

[Event "BIH-ch-T"]
[Site "Sarajevo"]
[Date "2013.06.15"]
[Round "1.5"]
[White "Jefic, Srdjan"]
[Black "Bandic, Adnan"]
[Result "1-0"]
[WhiteElo "2166"]
[BlackElo "2243"]
[PlyCount "71"]
[EventDate "2013.06.15"]

1. e4 e5 2. Nf3 Nf6 3. d4 Nxe4 4. Bd3 d5 5. Nxe5 Nd7 6. Nxd7 Bxd7 7. O-O Be7 8.
c4 Nf6 9. Nc3 dxc4 10. Bxc4 O-O 11. Bf4 Bg4 12. Qd3 Qd7 13. Rfe1 Rae8 14. Be5
Bd8 15. h3 Bh5 16. f4 c6 17. f5 g6 18. g4 b5 19. Nxb5 Bxg4 20. hxg4 Nxg4 21.
Nd6 Bb6 22. Kg2 Re7 23. fxg6 Nxe5 24. gxh7+ Kh8 25. dxe5 f5 26. e6 Rg7+ 27. Kf3
Rg3+ 28. Kxg3 Qg7+ 29. Kh2 Rf6 30. Nf7+ Rxf7 31. exf7 Bc7+ 32. Kh1 Qh6+ 33. Kg2
Qg5+ 34. Kf1 Qf4+ 35. Ke2 Qg4+ 36. Kd2 1-0

[Event "BIH-ch-T"]
[Site "Sarajevo"]
[Date "2013.06.15"]
[Round "1.5"]
[White "Hadzovic, Amir"]
[Black "Sekulic, Vlatko"]
[Result "0-1"]
[WhiteElo "2212"]
[BlackElo "2295"]
[PlyCount "72"]
[EventDate "2013.06.15"]

1. e4 e5 2. Nf3 Nc6 3. Nc3 Nf6 4. Bb5 Bc5 5. d3 O-O 6. Bg5 Nd4 7. Bc4 c6 8.
Nxd4 Bxd4 9. Qf3 b5 10. Bb3 a5 11. a4 b4 12. Nd1 d6 13. h3 Be6 14. Bxf6 Qxf6
15. Qxf6 gxf6 16. Bxe6 fxe6 17. Ke2 f5 18. c3 Bc5 19. Ne3 Rab8 20. Rab1 Rb7 21.
exf5 Bxe3 22. fxe3 exf5 23. Rhf1 Kg7 24. Kd2 c5 25. Kc2 Kg6 26. Rf2 bxc3 27.
bxc3 Rxb1 28. Kxb1 f4 29. Kc2 Kg5 30. g3 f3 31. e4 h5 32. Kd2 h4 33. gxh4+ Kf4
34. Ke1 Rb8 35. Rd2 Ke3 36. Rd1 f2+ 0-1

[Event "BIH-ch-T"]
[Site "Sarajevo"]
[Date "2013.06.16"]
[Round "2.1"]
[White "Tadic, Branko"]
[Black "Indjic, Aleksandar"]
[Result "0-1"]
[WhiteElo "2513"]
[BlackElo "2536"]
[PlyCount "78"]
[EventDate "2013.06.15"]

1. d4 Nf6 2. Nf3 c5 3. c4 cxd4 4. Nxd4 a6 5. Nc3 e6 6. e4 Qc7 7. a3 d6 8. Be2
Nbd7 9. Be3 b6 10. O-O Bb7 11. f3 Be7 12. Rc1 O-O 13. Qd2 Rac8 14. Rfd1 Qb8 15.
b4 Bd8 16. Kh1 Ne5 17. Qa2 Bc7 18. f4 Ned7 19. f5 exf5 20. Nxf5 Rce8 21. Bd4
Ne5 22. Qc2 g6 23. Nd5 Bxd5 24. cxd5 Bd8 25. Ng3 b5 26. Qc8 Bb6 27. Qxa6 Bxd4
28. Rxd4 h5 29. a4 bxa4 30. Nf1 Rc8 31. Rxc8 Rxc8 32. h3 Rc3 33. b5 a3 34. Ra4
Kg7 35. Rxa3 Nxe4 36. Qa4 Qb6 37. Qa7 Qf2 38. Ra2 Rc2 39. Ra4 Rxe2 0-1

[Event "BIH-ch-T"]
[Site "Sarajevo"]
[Date "2013.06.16"]
[Round "2.1"]
[White "Nestorovic, Nikola"]
[Black "Miljkovic, Miroslav D"]
[Result "1-0"]
[WhiteElo "2405"]
[BlackElo "2462"]
[PlyCount "121"]
[EventDate "2013.06.15"]

1. e4 c5 2. Nf3 Nc6 3. d4 cxd4 4. Nxd4 Nf6 5. Nc3 e5 6. Ndb5 d6 7. Bg5 a6 8.
Na3 b5 9. Nd5 Be7 10. Bxf6 Bxf6 11. c4 b4 12. Nc2 O-O 13. g3 a5 14. Bg2 Bg5 15.
O-O Be6 16. h4 Be7 17. b3 Ra7 18. a3 bxa3 19. Nxa3 Nd4 20. Nb5 Nxb5 21. cxb5
Rb7 22. Nxe7+ Rxe7 23. Qd3 Qb6 24. Rfd1 Rb7 25. Bf1 Rd8 26. Qc3 Ra7 27. Rd2 Kf8
28. Bc4 Rc8 29. Qd3 Ke7 30. Rad1 Rd7 31. Qe2 Bxc4 32. bxc4 Qc5 33. Rc2 a4 34.
Qg4 g6 35. Kg2 a3 36. Rd5 Qa7 37. Qg5+ f6 38. Qd2 Rc5 39. Rd3 Qa4 40. Rdc3 Ra7
41. Ra2 Ke6 42. Raxa3 Qxa3 43. Rxa3 Rxa3 44. b6 Ra8 45. Qh6 Rh8 46. Qg7 Rcc8
47. b7 Rcg8 48. Qc7 h5 49. f4 Rd8 50. Kf3 Rde8 51. Ke3 Rd8 52. Kd3 exf4 53.
gxf4 f5 54. e5 dxe5+ 55. Ke3 e4 56. c5 Rd3+ 57. Ke2 Rhd8 58. Qb6+ Ke7 59. Qb4
Kd7 60. b8=Q Rxb8 61. Qxb8 1-0

[Event "BIH-ch-T"]
[Site "Sarajevo"]
[Date "2013.06.16"]
[Round "2.1"]
[White "Mrndjic, Muamer"]
[Black "Sutkovic, Damir"]
[Result "1/2-1/2"]
[WhiteElo "2279"]
[BlackElo "2331"]
[PlyCount "28"]
[EventDate "2013.06.15"]

1. e4 c6 2. d4 d5 3. exd5 cxd5 4. Bd3 Nc6 5. c3 g6 6. Bf4 Bg7 7. Nf3 Nf6 8. h3
O-O 9. Nbd2 Nd7 10. O-O e5 11. dxe5 Ndxe5 12. Nxe5 Nxe5 13. Nb3 Nxd3 14. Qxd3
Bf5 1/2-1/2

[Event "BIH-ch-T"]
[Site "Sarajevo"]
[Date "2013.06.16"]
[Round "2.1"]
[White "Muratovic, Enver"]
[Black "Bandic, Adnan"]
[Result "1/2-1/2"]
[WhiteElo "2289"]
[BlackElo "2243"]
[PlyCount "73"]
[EventDate "2013.06.15"]

1. e4 e5 2. Nf3 Nf6 3. Nxe5 d6 4. Nf3 Nxe4 5. Qe2 Qe7 6. d3 Nf6 7. Bg5 Qxe2+ 8.
Bxe2 Be7 9. Nc3 c6 10. Nd4 Na6 11. O-O Nc7 12. Bh4 Ncd5 13. Nxd5 Nxd5 14. Bxe7
Nxe7 15. Rfe1 Kd8 16. f4 Bd7 17. Kf2 Nd5 18. g3 Re8 19. Bh5 g6 20. Rxe8+ Kxe8
21. Bf3 Nf6 22. Re1+ Kf8 23. a3 a5 24. Ke3 Ra6 25. Kd2 c5 26. Ne2 b5 27. Nc3 b4
28. Nd5 Nxd5 29. Bxd5 bxa3 30. bxa3 Rb6 31. Kc3 Rb8 32. Kd2 h6 33. h4 Ba4 34.
Re4 Bd7 35. Re1 Ba4 36. Re4 Bd7 37. Re1 1/2-1/2

[Event "BIH-ch-T"]
[Site "Sarajevo"]
[Date "2013.06.16"]
[Round "2.1"]
[White "Hadzovic, Amir"]
[Black "Popovic, Darko"]
[Result "1-0"]
[WhiteElo "2212"]
[BlackElo "2171"]
[PlyCount "63"]
[EventDate "2013.06.15"]

1. e4 e6 2. Nf3 d5 3. e5 c5 4. g3 Nc6 5. Bg2 Bd7 6. O-O Nge7 7. d3 Nf5 8. c4
dxc4 9. dxc4 Qc7 10. Bf4 Ncd4 11. Nc3 Bc6 12. Nxd4 Nxd4 13. Ne4 Be7 14. b4 b6
15. b5 Bb7 16. h4 Rd8 17. Qg4 Kf8 18. h5 Bxe4 19. Bxe4 g5 20. Bxg5 h6 21. Bf4
Bg5 22. Bxg5 hxg5 23. Qxg5 Qe7 24. Qg4 Rg8 25. Qh3 Qg5 26. Rae1 Rh8 27. g4 Rg8
28. f3 Qxe5 29. h6 Rh8 30. Qh4 Rb8 31. f4 Qd6 32. Qf6 1-0

[Event "BIH-ch-T"]
[Site "Sarajevo"]
[Date "2013.06.16"]
[Round "2.2"]
[White "Tomic, Bosko"]
[Black "Pikula, Dejan"]
[Result "1/2-1/2"]
[WhiteElo "2430"]
[BlackElo "2482"]
[PlyCount "22"]
[EventDate "2013.06.15"]

1. c4 Nf6 2. Nc3 c5 3. g3 Nc6 4. Bg2 d6 5. Nf3 g6 6. O-O Bg7 7. d3 O-O 8. Rb1
a5 9. Ne1 e6 10. Nc2 d5 11. cxd5 Nxd5 1/2-1/2

[Event "BIH-ch-T"]
[Site "Sarajevo"]
[Date "2013.06.16"]
[Round "2.2"]
[White "Bulajic, Ratko"]
[Black "Arapovic, Vitomir"]
[Result "1/2-1/2"]
[WhiteElo "2307"]
[BlackElo "2356"]
[PlyCount "20"]
[EventDate "2013.06.15"]

1. c4 d6 2. Nc3 c5 3. g3 Nc6 4. Bg2 Nf6 5. Nf3 e5 6. d3 Be7 7. O-O O-O 8. Rb1
a5 9. a3 Re8 10. Ne1 Be6 1/2-1/2

[Event "BIH-ch-T"]
[Site "Sarajevo"]
[Date "2013.06.16"]
[Round "2.3"]
[White "Popovic, Dusan"]
[Black "Perunovic, Milos"]
[Result "1/2-1/2"]
[WhiteElo "2562"]
[BlackElo "2628"]
[PlyCount "63"]
[EventDate "2013.06.15"]

1. e4 c5 2. Nf3 e6 3. g3 Nc6 4. Bg2 Nf6 5. Qe2 d5 6. d3 Be7 7. e5 Nd7 8. O-O
O-O 9. c4 b5 10. Nc3 bxc4 11. dxc4 Ba6 12. b3 Nd4 13. Nxd4 cxd4 14. Nb5 d3 15.
Qxd3 Nxe5 16. Qe2 Bf6 17. Bb2 Nd7 18. a4 Rb8 19. Rfd1 dxc4 20. bxc4 Bb7 21.
Bxb7 Rxb7 22. c5 Bxb2 23. Qxb2 Qc8 24. Rac1 Nb8 25. Qa3 Rd7 26. Rd6 Nc6 27.
Rcd1 Rfd8 28. Qf3 Ne5 29. Qc3 Nc6 30. Qf3 Ne5 31. Qc3 Nc6 32. Qf3 1/2-1/2

[Event "BIH-ch-T"]
[Site "Sarajevo"]
[Date "2013.06.16"]
[Round "2.3"]
[White "Predojevic, Borki"]
[Black "Jakovljevic, Vlado"]
[Result "1-0"]
[WhiteElo "2616"]
[BlackElo "2440"]
[PlyCount "67"]
[EventDate "2013.06.15"]

1. d4 d5 2. c4 c6 3. cxd5 cxd5 4. Nc3 Nf6 5. Bf4 a6 6. e3 Nc6 7. Bd3 Bg4 8.
Nge2 Bxe2 9. Qxe2 e6 10. O-O Bd6 11. Bg5 Be7 12. f4 g6 13. Rad1 O-O 14. g4 Nd7
15. Bh6 Re8 16. Qf3 Bf8 17. Bg5 Be7 18. Bxe7 Qxe7 19. f5 Kg7 20. Rd2 exf5 21.
Nxd5 fxg4 22. Qf4 Qf8 23. Nc7 Rad8 24. Nxe8+ Qxe8 25. h3 gxh3 26. Rh2 Nf8 27.
Rxh3 Qe6 28. Qh4 Rd7 29. d5 Qxd5 30. Bxg6 Nxg6 31. Qxh7+ Kf8 32. Qxg6 Ne5 33.
Rh8+ Ke7 34. Qf6# 1-0

[Event "BIH-ch-T"]
[Site "Sarajevo"]
[Date "2013.06.16"]
[Round "2.3"]
[White "Saric, Ibro"]
[Black "Stojanovic, Dobrisav"]
[Result "1/2-1/2"]
[WhiteElo "2572"]
[BlackElo "2361"]
[PlyCount "114"]
[EventDate "2013.06.15"]

1. e4 e5 2. Nf3 Nc6 3. Bb5 a6 4. Ba4 Nf6 5. O-O Be7 6. d3 b5 7. Bb3 d6 8. c3
O-O 9. a4 Bd7 10. Re1 Na5 11. Bc2 c5 12. d4 Qc7 13. d5 Rfb8 14. b3 Be8 15. axb5
axb5 16. Bg5 Qd8 17. Be3 Ng4 18. Bc1 Rb6 19. Nbd2 Rba6 20. h3 Nf6 21. Nf1 Nb7
22. Rxa6 Rxa6 23. Bb1 Na5 24. Ne3 g6 25. Bd3 Qc8 26. Nd2 Nh5 27. Bf1 Nb7 28. g3
Bd7 29. Kh2 Ra2 30. Re2 Nf6 31. Bg2 Na5 32. b4 Nb7 33. Qb3 Qa8 34. Nc2 c4 35.
Qb1 Qa4 36. Bb2 Bd8 37. Ne3 Kg7 38. Bf3 h5 39. Bg2 Qa7 40. Ndf1 Bb6 41. Qc1 Bd8
42. Nc2 Nh7 43. h4 Nf6 44. f3 Nh7 45. Nce3 Bb6 46. Bh3 Bxh3 47. Kxh3 Nd8 48.
Rg2 Qd7+ 49. Kh2 Qe7 50. Qb1 Qa7 51. Qc1 Qe7 52. Qb1 Qa7 53. Qe1 Nf6 54. Qc1
Qe7 55. Qb1 Qa7 56. Qc1 Qe7 57. Nc2 Qa7 1/2-1/2

[Event "BIH-ch-T"]
[Site "Sarajevo"]
[Date "2013.06.16"]
[Round "2.3"]
[White "Narancic, Vlado"]
[Black "Stojanovic, Dalibor"]
[Result "1/2-1/2"]
[WhiteElo "2329"]
[BlackElo "2514"]
[PlyCount "46"]
[EventDate "2013.06.15"]

1. Nf3 g6 2. g3 Bg7 3. Bg2 c5 4. O-O Nc6 5. c3 e5 6. d3 Nge7 7. e4 O-O 8. Na3
d6 9. Nc2 f5 10. b4 f4 11. d4 fxg3 12. hxg3 exd4 13. cxd4 Bg4 14. Rb1 Rf7 15.
bxc5 dxc5 16. d5 Nd4 17. Ncxd4 Bxd4 18. Qd3 Bxf3 19. Bxf3 Nc6 20. Bg4 Ne5 21.
Qe2 Kh8 22. Kg2 g5 23. Be6 Rg7 1/2-1/2

[Event "BIH-ch-T"]
[Site "Sarajevo"]
[Date "2013.06.16"]
[Round "2.4"]
[White "Kamberovic, Senad"]
[Black "Palac, Mladen"]
[Result "0-1"]
[WhiteElo "2255"]
[BlackElo "2560"]
[PlyCount "72"]
[EventDate "2013.06.15"]

1. d4 Nf6 2. Nf3 d5 3. b3 c5 4. e3 cxd4 5. exd4 g6 6. h3 Bg7 7. Bf4 Nc6 8. c3
O-O 9. Bd3 Nd7 10. O-O e5 11. dxe5 Ndxe5 12. Re1 Nxf3+ 13. Qxf3 Be6 14. Qg3 Rc8
15. Rc1 Qa5 16. a4 d4 17. c4 Nb4 18. Nd2 Nxd3 19. Qxd3 Rfe8 20. Qg3 Bf5 21. c5
d3 22. b4 Qxb4 23. Rab1 Qxa4 24. Rxb7 a5 25. Qf3 Qa3 26. Rc4 Rxc5 27. Nb1 Rxc4
28. Nxa3 Rxf4 29. Qd5 Be4 30. Qd7 Bxb7 31. Qxe8+ Bf8 32. Qe3 Ra4 33. Nb5 Ba6
34. Nc3 Ra1+ 35. Kh2 Bd6+ 36. f4 Rf1 0-1